000 00287nam a2200133Ia 4500
005 20251222144738.0
008 251222s9999||||xx |||||||||||||| ||spa||
082 _a935/A75
100 _aArnold, Simón Pedro
245 0 _aNínive:
250 _a1ra.ed.
264 _bCEP
942 _cLIB
999 _c18840
_d18840